000 00333nam a22001337a 4500
008 170906b xxu||||| |||| 00| 0 eng d
020 _a068415823X
041 _aeng
080 _a72
100 _a41
101 _aARK
245 _aTHE NEW COMPLETE BOOK OF HOME REMODELING, IMPROVEMENT, AND REPAIR
_cWATKINS, A.M
942 _2udc
_cBK
999 _c26318
_d26318